Kosa ni la nani? / (Record no. 9525)
[ view plain ]
| 000 -LEADER | |
|---|---|
| fixed length control field | 00450cam a22001577a 4500 |
| 005 - DATE AND TIME OF LATEST TRANSACTION | |
| control field | 20250901165817.0 |
| 008 - FIXED-LENGTH DATA ELEMENTS--GENERAL INFORMATION | |
| fixed length control field | 070821s2006 ke 000 0 swa |
| 010 ## - LIBRARY OF CONGRESS CONTROL NUMBER | |
| LC control number | 2007381070 |
| 020 ## - INTERNATIONAL STANDARD BOOK NUMBER | |
| International Standard Book Number | 9966225471 |
| 050 00 - LIBRARY OF CONGRESS CALL NUMBER | |
| Classification number | PL 8704 .O54 2006 |
| 100 1# - MAIN ENTRY--PERSONAL NAME | |
| Personal name | Ong'ango, George Otieno, |
| Dates associated with a name | 1965- |
| 245 10 - TITLE STATEMENT | |
| Title | Kosa ni la nani? / |
| Statement of responsibility, etc. | George Otieno Ong'ango. |
| 260 ## - PUBLICATION, DISTRIBUTION, ETC. | |
| Place of publication, distribution, etc. | Nairobi : |
| Name of publisher, distributor, etc. | Jomo Kenyatta Foundation, |
| Date of publication, distribution, etc. | 2006. |
| 300 ## - PHYSICAL DESCRIPTION | |
| Extent | iv, 150 p. ; |
| Dimensions | 18 cm. |
| 942 ## - ADDED ENTRY ELEMENTS (KOHA) | |
| Source of classification or shelving scheme | Library of Congress Classification |
| Withdrawn status | Lost status | Source of classification or shelving scheme | Damaged status | Not for loan | Collection | Home library | Current library | Shelving location | Date acquired | Source of acquisition | Total checkouts | Full call number | Barcode | Date last seen | Copy number | Price effective from | Koha item type |
|---|---|---|---|---|---|---|---|---|---|---|---|---|---|---|---|---|---|
| Library of Congress Classification | Main Library | Main Library | 04/02/2025 | Donation from KICD | PL 8704 .O54 2006 | PIUD0000616 | 04/02/2025 | 1 | 04/02/2025 | Books | |||||||
| Library of Congress Classification | Main Library | Main Library | 04/02/2025 | Donation from KICD | PL 8704 .O54 2006 | PIUD0000617 | 04/02/2025 | 2 | 04/02/2025 | Books |